| 000 | 00365nam a2200145Ia 4500 | ||
|---|---|---|---|
| 008 | 240624s9999 xx 000 0 und d | ||
| 041 | _aeng | ||
| 082 | _a330 HAR | ||
| 100 | _aHARFORD TIM | ||
| 245 | _aLOGIC OF LIFE THE RATIONAL ECONOMICS OF | ||
| 250 | _a(Reprint Edition ed.) | ||
| 260 |
_c2009 _aLondon _bRandom House |
||
| 300 | _a255 : p. | ||
| 365 |
_cRS _b25 |
||
| 999 |
_c19698 _d19698 |
||